Представление документа в формате MARC21

Поле Инд. ПП Название Значение
Тип записи a
Библиографический уровень a
001 Контрольный номер 88c826bf186641029481a9eb3d323ec7
005 Дата корректировки 20221206132349.9
041 0_ a Код языка текста rus
080 a Индекс УДК 004.048:004.912
097 b Оператор *Т*
100 1_ a Автор Гуляев А.В.
245 10 a Заглавие Программа конструирования и расчета систем приточной вентиляции
b Продолж. заглавия статья
p Название части/ раздела - Текст : электронный
260 a Место издания Тверь
b Издательство ТвГТУ
520 0_ a Аннотация в статье рассматривается программа конструирования и расчетов систем приточной вентиляции. Такая программа способствует сокращению времени на производство для увеличения прибыли и поддержания производственных процессов.
653 0_ a Ключевые слова конструктор, вентиляция, производство, бизнес ПО
773 18 w Контрольный № источника ee5ee90ba01244638c9e028a88440eef
t Название источника Теоретические исследования и экспериментальные разработки студентов и аспирантов : материалы Всероссийской (национальной) научно-практической конференции, 2022 г., Тверь : в 2 частях / под редакцией Т.Б. Новиченковой
d Место и дата издания Тверь : Тверской государственный технический университет, 2022
g Прочая информация Ч. 1. - С. 92-95
773 18 z ISBN 978-5-7995-1232-3
901 t Тип документа a
905 a Дата создания записи 27.10.22
950 a Редактор записи вт